Children of Eve / (Record no. 7237)
[ view plain ]
| 000 -LEADER | |
|---|---|
| fixed length control field | 01213cam a2200349 a 4500 |
| 001 - CONTROL NUMBER | |
| control field | 1584053 |
| 003 - CONTROL NUMBER IDENTIFIER | |
| control field | OSt |
| 005 - DATE AND TIME OF LATEST TRANSACTION | |
| control field | 20140310181928.0 |
| 008 - FIXED-LENGTH DATA ELEMENTS--GENERAL INFORMATION | |
| fixed length control field | 930305s1991 nyu 000 0 eng d |
| 010 ## - LIBRARY OF CONGRESS CONTROL NUMBER | |
| LC control number | 93122874 |
| 035 ## - SYSTEM CONTROL NUMBER | |
| System control number | (OCoLC)26603723 |
| 040 ## - CATALOGING SOURCE | |
| Original cataloging agency | InEW |
| Transcribing agency | InEW |
| Modifying agency | DLC |
| 042 ## - AUTHENTICATION CODE | |
| Authentication code | lccopycat |
| 043 ## - GEOGRAPHIC AREA CODE | |
| Geographic area code | n-us--- |
| 050 00 - LIBRARY OF CONGRESS CALL NUMBER | |
| Classification number | HV 4505 |
| Item number | .C338 1991 |
| 082 ## - DEWEY DECIMAL CLASSIFICATION NUMBER | |
| Classification number | TR 305.569 |
| Item number | C26 1991 |
| 100 1# - MAIN ENTRY--PERSONAL NAME | |
| Personal name | Casey, Kevin, |
| Dates associated with a name | 1966- |
| 9 (RLIN) | 2461 |
| 245 10 - TITLE STATEMENT | |
| Title | Children of Eve / |
| Statement of responsibility, etc | Kevin Casey |
| 260 ## - PUBLICATION, DISTRIBUTION, ETC. (IMPRINT) | |
| Place of publication, distribution, etc | New York : |
| Name of publisher, distributor, etc | Covenant House, |
| Date of publication, distribution, etc | c1991. |
| 300 ## - PHYSICAL DESCRIPTION | |
| Extent | v., 116 p. |
| Dimensions | 18 cm. |
| 490 0# - SERIES STATEMENT | |
| Series statement | Covenant House program of public awareness. |
| 500 ## - GENERAL NOTE | |
| General note | Book 2 in the Covenant House program of public awareness. |
| 500 ## - GENERAL NOTE | |
| General note | With an introduction by Sister Mary Rose McGeady. |
| 541 ## - IMMEDIATE SOURCE OF ACQUISITION NOTE | |
| -- | 1 |
| 562 ## - COPY AND VERSION IDENTIFICATION NOTE | |
| Number of copies | 1 |
| 650 #0 - SUBJECT ADDED ENTRY--TOPICAL TERM | |
| Topical term or geographic name as entry element | Homeless children |
| Geographic subdivision | United States |
| General subdivision | Case studies. |
| 9 (RLIN) | 2462 |
| 650 #0 - SUBJECT ADDED ENTRY--TOPICAL TERM | |
| Topical term or geographic name as entry element | Abandoned children |
| Geographic subdivision | United States |
| General subdivision | Case studies. |
| 9 (RLIN) | 2463 |
| 700 1# - ADDED ENTRY--PERSONAL NAME | |
| Personal name | McGeady, Mary Rose |
| 9 (RLIN) | 2464 |
| 906 ## - LOCAL DATA ELEMENT F, LDF (RLIN) | |
| a | 7 |
| b | cbc |
| c | copycat |
| d | 3 |
| e | ncip |
| f | 19 |
| g | y-gencatlg |
| 942 ## - ADDED ENTRY ELEMENTS (KOHA) | |
| Source of classification or shelving scheme | Library of Congress Classification |
| Koha item type | |
| Call number prefix | |
| Withdrawn status | Lost status | Source of classification or shelving scheme | Damaged status | Home library | Current library | Shelving location | Date acquired | Total Checkouts | Full call number | Barcode | Date last seen | Copy number | Price effective from | Koha item type |
|---|---|---|---|---|---|---|---|---|---|---|---|---|---|---|
| Library of Congress Classification | Luxembourg Library | Luxembourg Library | Teachers Reference Section | 07/20/2013 | HV 4505 .C338 1991 | 10592 | 08/13/2013 | 1 | 07/20/2013 | Books |